Introduction to psychology
Salvato in:
| Autore principale: | |
|---|---|
| Natura: | Libro |
| Lingua: | spagnolo |
| Pubblicazione: |
Nueva York
McGraw-Hill
1961
|
| Edizione: | 2a. ed |
| Soggetti: | |
| Tags: |
Aggiungi Tag
Nessun Tag, puoi essere il primo ad aggiungerne!!
|
MARC
| LEADER | 00000nam a2200000 a 4500 | ||
|---|---|---|---|
| 001 | UCY7919 | ||
| 003 | CL-VaPUC | ||
| 005 | 20230712130551.0 | ||
| 008 | 950623e19610000US |||||||||||||||||spa|d | ||
| 999 | |c 235215 |d 235213 | ||
| 040 | |c Pontificia Universidad Católica de Valparaíso | ||
| 082 | 0 | 4 | |a 150 |b MOR |2 21 |
| 100 | |a Morgan, Clifford Thomas |e author |9 868736 | ||
| 245 | 1 | 0 | |a Introduction to psychology |
| 250 | |a 2a. ed | ||
| 260 | |a Nueva York |b McGraw-Hill |c 1961 | ||
| 300 | |a 727 p | ||
| 583 | |a last modification |c 20181001 01:55:10 |k Rodrigo Vera | ||
| 650 | 0 | |a Psicología |9 257863 | |
| 650 | 0 | |a Comportamiento |9 308406 | |
| 650 | 0 | |a Psicología del desarrollo |9 307541 | |
| 650 | 0 | |a Motivación |9 315362 | |
| 650 | 7 | |a MADUREZ |2 CL-VaPUC |9 309002 | |
| 650 | 0 | |a Emociones |9 265224 | |
| 650 | 0 | |a Aprendizaje |9 254827 | |
| 650 | 0 | |a Pensamiento |9 307612 | |
| 650 | 0 | |a Atención |9 312027 | |
| 650 | 0 | |a Personalidad |9 307255 | |
| 650 | 0 | |a Salud mental |9 308393 | |
| 650 | 7 | |a PSICOTERAPIA |2 CL-VaPUC |9 338850 | |
| 650 | 0 | |a Psicología social |9 222894 | |
| 942 | |c BK |2 ddc | ||
| 945 | |d 19950623 00:00:00 |a mfernand | ||
| 952 | |0 0 |1 0 |4 0 |6 150_000000000000000_MOR_1961 |7 0 |8 P |9 242473 |a BIBEDU |b BIBEDU |c BIBEDU_PB |d 2019-11-18 |i 1520865 |o 150 MOR 1961 |p 1520865 |r 2024-01-25 |w 2019-11-18 |y BK |k EDU | ||